000 00905nam0a22002651 4500
001 RU\NLR\A1SV\23263
005 20251203171251.9
035 _a(NLR Aleph) 009708176
090 _a9820741
_c9820741
100 _a20000320d1924 u y0rusy50 ca
101 0 _arus
102 _aRU
200 1 _aФото-кино Ленинград
_eИл. справ.
_fПод ред. М.Картавцева
_gСост. В.Арцыбашев
210 _aЛ.
_cП/секция худож.-агентур. операций секции искусств Лен. губ. биржи труда
_d1924
215 _a55 с., 22 л. ил.
_d20 см
620 _dСанкт-Петербург
702 1 _aКартавцев
_bМ.
_4070
702 1 _aАрцыбашев
_bВ.
_4070
801 0 _aRU
_bNLR
_c20000320
852 _aNLR
_j67-4/14839
899 _aРГБ
942 _cBOOK
980 _aNB
980 _aA1SV